000 01110nam a22002537a 4500
005 20170124103104.0
010 _aB-141871
020 _c250.00
_a8189095021
035 _aB-141871
037 _bCen Lib/Ret
040 _aDPL
_bHN
082 _a954.13
_bसुरम्य
245 _aसुरम्य बुन्देलखंड /
_cसंपादक अयोध्या प्रसाद गुप्त
246 _aSuramay bundelkhand /
_bsampadak Ayodhaya Prasad Gupt
260 _aउरई
_bनमन प्रकाशन
_c2004
270 _aमण्डप राठ रोड
_bउरई
_e110032
300 _a150पृ. :
_c21सेमी (सजिल्द)
_bसचित्र
650 _aबुंदेलखंड (भारत) - विवरण और यात्रा
_977789
650 _aसफर
_977790
650 _aBundelkhand (India) -- Description and travel.
_977791
650 _aTravel.
_925007
700 _aगुप्त, अयोध्या प्रसाद
_944807
942 _2ddc
_cHN
_h954.13
_mसुरम्य
999 _c117973
_d117973